[Event "Mondiale Lampo FIDE 2015"]
[Site "Berlino"]
[Date "13.10.2015"]
[Round "1.5"]
[White "Seirawan, Yasser"]
[Black "Grischuk, Alexander"]
[Result "0-1"]
[WhiteElo "2620"]
[BlackElo "2774"]
[PlyCount "68"]
[EventDate "2015.10.13"]

1. d4 Nf6 2. c4 g6 3. Nc3 Bg7 4. e4 d6 5. Bd3 O-O 6. Nge2 Nc6 7. O-O Nd7 8. Be3
e5 9. d5 Nd4 10. Nb5 Nxe2+ 11. Qxe2 b6 12. Rac1 a6 13. Nc3 a5 14. b3 f5 15.
exf5 gxf5 16. f4 exf4 17. Bxf4 Ne5 18. Qd2 Bd7 19. Ne2 Qf6 20. Bb1 Rae8 21. Ng3
Qg6 22. h3 Rf7 23. Rf2 h5 24. Rcf1 h4 25. Ne2 Qh5 26. Nd4 Ng6 27. Bh2 Bh6 28.
Qc2 Be3 29. Nf3 Ne5 30. Kh1 Bxf2 31. Rxf2 Nxf3 32. Rxf3 Re1+ 33. Bg1 Rfe7 34.
Kh2 Qxf3 0-1

[Event "Mondiale Lampo FIDE 2015"]
[Site "Berlino"]
[Date "13.10.2015"]
[Round "2.5"]
[White "Grischuk, Alexander"]
[Black "Bartel, Mateusz"]
[Result "1-0"]
[WhiteElo "2774"]
[BlackElo "2622"]
[PlyCount "57"]
[EventDate "2015.10.13"]

1. d4 d5 2. Bf4 c6 3. e3 Bf5 4. c4 e6 5. Nc3 Nd7 6. Qb3 Qb6 7. c5 Qxb3 8. axb3
a6 9. Nf3 h6 10. b4 Rc8 11. Nd2 f6 12. Nb3 e5 13. Bg3 Be7 14. Na5 Rc7 15. Be2
Bd8 16. O-O Ne7 17. f3 Be6 18. e4 h5 19. h3 h4 20. Bh2 g5 21. Rfd1 Kf7 22. exd5
cxd5 23. b5 exd4 24. Bxc7 Bxc7 25. b6 dxc3 26. bxc7 cxb2 27. Rab1 Rc8 28. Nxb7
Rxc7 29. Nd8+ 1-0

[Event "Mondiale Lampo FIDE 2015"]
[Site "Berlino"]
[Date "13.10.2015"]
[Round "3.3"]
[White "Riazantsev, Alexander"]
[Black "Grischuk, Alexander"]
[Result "1/2-1/2"]
[WhiteElo "2646"]
[BlackElo "2774"]
[PlyCount "107"]
[EventDate "2015.10.13"]

1. d4 e6 2. c4 b6 3. Nf3 Bb7 4. Nc3 Bb4 5. Bg5 Nf6 6. Qc2 h6 7. Bd2 O-O 8. a3
Bxc3 9. Bxc3 d6 10. Nd2 d5 11. e3 Nbd7 12. f3 Re8 13. Bd3 e5 14. O-O exd4 15.
exd4 dxc4 16. Nxc4 Nd5 17. Rfe1 Qg5 18. Qd2 Nf4 19. Be4 Bd5 20. Ne5 Nxe5 21.
dxe5 Rad8 22. Bxd5 Rxd5 23. Qc2 Red8 24. g3 Ne6 25. Qf2 Rd3 26. f4 Qf5 27. Re3
h5 28. Rae1 h4 29. Rxd3 Rxd3 30. Re3 Rd1+ 31. Re1 Rd8 32. Qe2 hxg3 33. hxg3 Qh3
34. Qg2 Qg4 35. Re3 Rd1+ 36. Be1 Nd4 37. Kh2 Qh5+ 38. Kg1 Qg4 39. Qa8+ Kh7 40.
Qh1+ Kg6 41. Qe4+ Nf5 42. Kg2 Rd4 43. Qc2 Rxf4 44. Rc3 Re4 45. Rc6+ Kh7 46. Bf2
Re2 47. Qd3 Rxe5 48. Rxc7 Re6 49. Rc4 Qg6 50. Qc2 Nd6 51. Qxg6+ Kxg6 52. Rc7 a5
53. Bxb6 Nb5 54. Rb7 1/2-1/2

[Event "Mondiale Lampo FIDE 2015"]
[Site "Berlino"]
[Date "13.10.2015"]
[Round "4.5"]
[White "Grischuk, Alexander"]
[Black "Petrosian, Tigran L"]
[Result "0-1"]
[WhiteElo "2774"]
[BlackElo "2625"]
[PlyCount "140"]
[EventDate "2015.10.13"]

1. d4 d6 2. e4 g6 3. Nc3 Bg7 4. Be3 a6 5. Qd2 b5 6. f3 Bb7 7. h4 h6 8. Nh3 Nd7
9. O-O-O Rc8 10. Kb1 e6 11. d5 e5 12. h5 g5 13. Ne2 Ne7 14. g4 Nb6 15. Ng3 f6
16. Be2 O-O 17. Nf2 Qd7 18. Rc1 Nc4 19. Bxc4 bxc4 20. Rhd1 Qb5 21. Ka1 Rfd8 22.
Qc3 c6 23. dxc6 Bxc6 24. Nf5 Nxf5 25. gxf5 d5 26. exd5 Bxd5 27. Ne4 Qc6 28. Qa5
Rd7 29. Rd2 Bf7 30. Rcd1 Rxd2 31. Rxd2 Bxh5 32. Rd6 Qb5 33. Qc3 Rf8 34. Bc5 Kh7
35. a3 Rf7 36. Ka2 Qb7 37. Rb6 Qd5 38. Rd6 Qb7 39. Rb6 Qc8 40. Bb4 Qxf5 41. Nd6
Qe6 42. Nxc4 Qd5 43. Rd6 Qxf3 44. Qd2 Bg6 45. Rxa6 g4 46. Bc5 Qf1 47. b3 g3 48.
Rd6 g2 49. Ne3 g1=Q 50. Nxf1 Qxf1 51. Bb4 Qf5 52. Kb2 Rc7 53. Bc3 h5 54. b4 Qe4
55. b5 Qc4 56. b6 Qb5+ 57. Ka1 Rb7 58. Qf2 Rd7 59. Rxd7 Qxd7 60. Kb2 Qb5+ 61.
Bb4 e4 62. c3 f5 63. Qc5 Qe2+ 64. Kb3 Bf7+ 65. Ka4 Qa6+ 66. Ba5 Be8+ 67. Kb4
Bd7 68. c4 Qb7 69. Qe7 Qc6 70. Qc5 Qa4# 0-1

[Event "Mondiale Lampo FIDE 2015"]
[Site "Berlino"]
[Date "13.10.2015"]
[Round "5.23"]
[White "Kasimdzhanov, Rustam"]
[Black "Grischuk, Alexander"]
[Result "1-0"]
[WhiteElo "2704"]
[BlackElo "2774"]
[PlyCount "95"]
[EventDate "2015.10.13"]

1. e4 c5 2. Nf3 d6 3. d4 cxd4 4. Nxd4 Nf6 5. Nc3 a6 6. Bc4 e6 7. O-O Be7 8. Bb3
O-O 9. f4 b5 10. f5 e5 11. Nde2 Bb7 12. Bg5 Nbd7 13. Ng3 Rc8 14. Bxf6 Nxf6 15.
Nh5 Rxc3 16. Nxf6+ Bxf6 17. bxc3 Bxe4 18. Bd5 Qb6+ 19. Kh1 Bxd5 20. Qxd5 Rc8
21. a4 bxa4 22. Rxa4 h6 23. c4 Qe3 24. Qd3 Qb6 25. Qe4 a5 26. Rfa1 Rc5 27. g3
Qc7 28. R1a2 Kh7 29. Kg2 Qc8 30. Rb2 Qd7 31. Rba2 d5 32. cxd5 Rxd5 33. c3 Rc5
34. c4 Qc7 35. Rd2 Rc6 36. Rd5 Rb6 37. Rdxa5 Rb2+ 38. Kh3 Qd7 39. Ra2 Rb4 40.
Rd5 Qc8 41. Rc2 Qc6 42. Rxe5 Qa4 43. Re8 Rb1 44. Qa8 Qxa8 45. Rxa8 Rb6 46. c5
Rc6 47. Kg2 Bd4 48. Ra5 1-0

[Event "Mondiale Lampo FIDE 2015"]
[Site "Berlino"]
[Date "13.10.2015"]
[Round "6.41"]
[White "Grischuk, Alexander"]
[Black "Lagno, Kateryna"]
[Result "1/2-1/2"]
[WhiteElo "2774"]
[BlackElo "2523"]
[PlyCount "103"]
[EventDate "2015.10.13"]

1. e4 e5 2. Nf3 Nc6 3. Bb5 a6 4. Ba4 Nf6 5. O-O Be7 6. Re1 b5 7. Bb3 d6 8. c3
O-O 9. h3 Re8 10. d3 Na5 11. Bc2 c5 12. Nbd2 Nc6 13. Nf1 Bf8 14. Bg5 h6 15. Bh4
Be7 16. Ne3 Nh7 17. Bxe7 Nxe7 18. d4 cxd4 19. cxd4 Ng6 20. a4 Be6 21. Nf5 Ng5
22. axb5 Nxf3+ 23. Qxf3 exd4 24. Nxd4 axb5 25. Rxa8 Qxa8 26. Nxb5 Qa5 27. Nc3
Rb8 28. Rb1 Ne5 29. Qd1 Qc5 30. Bd3 Bb3 31. Qe2 Qd4 32. Bb5 Qc5 33. Ra1 Bc4 34.
Bxc4 Nxc4 35. Rb1 Qd4 36. Rd1 Qc5 37. Rb1 Qd4 38. Qd1 Qxd1+ 39. Nxd1 Nd2 40.
Rc1 Nxe4 41. Rc4 Nc5 42. Rd4 Rb6 43. Kf1 Kf8 44. Ke2 Ke7 45. Rc4 Ke6 46. Rc3
Na4 47. Re3+ Kd7 48. Rf3 Ke6 49. Re3+ Kd7 50. Rf3 Ke6 51. Re3+ Kd7 52. Rf3
1/2-1/2

[Event "Mondiale Lampo FIDE 2015"]
[Site "Berlino"]
[Date "13.10.2015"]
[Round "7.42"]
[White "Agdestein, Simen"]
[Black "Grischuk, Alexander"]
[Result "0-1"]
[WhiteElo "2606"]
[BlackElo "2774"]
[PlyCount "130"]
[EventDate "2015.10.13"]

1. c4 g6 2. g3 Bg7 3. Bg2 c5 4. Nc3 Nc6 5. Nf3 d6 6. O-O e6 7. a3 Nge7 8. Rb1
O-O 9. b4 b6 10. Qb3 Bb7 11. Bb2 Rb8 12. Nb5 e5 13. e3 Ba8 14. Rfd1 Qd7 15. d4
a6 16. dxe5 axb5 17. cxb5 Na7 18. exd6 Nf5 19. Bxg7 Bxf3 20. Bxf3 c4 21. Qxc4
Nxg7 22. Bc6 Qe6 23. Qxe6 Nxe6 24. d7 Rfd8 25. Rd6 Kf8 26. Rbd1 Ke7 27. a4 Nxc6
28. bxc6 Ra8 29. b5 Nc7 30. R6d4 Ne6 31. Rc4 Nc7 32. g4 Ra5 33. g5 Rda8 34.
Rdd4 Kd8 35. Rh4 Ne6 36. Rxh7 Nxg5 37. Rh8+ Kc7 38. Re8 Ne6 39. h4 Nc5 40. Re7
Rxa4 41. Rd4 Rd8 42. Rxf7 Ra1+ 43. Kg2 Rb1 44. Rg4 Rxb5 45. Rxg6 Nd3 46. Re6
Rc5 47. h5 Rxh5 48. f4 Rc5 49. Rff6 Nb4 50. e4 Nxc6 51. e5 b5 52. Rd6 Rxd7 53.
Rxd7+ Kxd7 54. Rd6+ Kc7 55. Rd1 Nxe5 56. fxe5 Rxe5 57. Kf3 Kb6 58. Kf4 Re8 59.
Rb1 Kc5 60. Rc1+ Kd4 61. Rd1+ Kc4 62. Rc1+ Kd3 63. Rb1 Rb8 64. Ke5 b4 65. Kd5
b3 0-1

[Event "Mondiale Lampo FIDE 2015"]
[Site "Berlino"]
[Date "13.10.2015"]
[Round "8.25"]
[White "Grischuk, Alexander"]
[Black "Sethuraman, S.P."]
[Result "1-0"]
[WhiteElo "2774"]
[BlackElo "2640"]
[PlyCount "107"]
[EventDate "2015.10.13"]

1. d4 d5 2. Bf4 c5 3. e3 Nc6 4. Nf3 Nf6 5. Nbd2 e6 6. c3 Bd6 7. Bg3 Qc7 8. dxc5
Bxg3 9. hxg3 a5 10. c4 Ne5 11. cxd5 Nxf3+ 12. Nxf3 Qxc5 13. dxe6 Bxe6 14. Qa4+
Bd7 15. Qd4 Rc8 16. Qxc5 Rxc5 17. Nd4 Ke7 18. Bd3 h5 19. Ke2 Rhc8 20. Rhd1 a4
21. a3 g6 22. Rd2 Bg4+ 23. f3 Bd7 24. Rc2 Rxc2+ 25. Bxc2 Ne8 26. Bd3 Nd6 27.
Kd2 Rc5 28. Rc1 Rg5 29. Ne2 h4 30. g4 f5 31. Nf4 fxg4 32. Nxg6+ Kf6 33. Nxh4
Rh5 34. g3 gxf3 35. Rf1 Bc6 36. Nxf3 Ke7 37. Nd4 Rh2+ 38. Kc3 Be4 39. b3 axb3
40. Nxb3 Bxd3 41. Kxd3 Ra2 42. Ra1 Rg2 43. Nc5 Rxg3 44. Rb1 b5 45. Rb4 Rg5 46.
Nb3 Nc4 47. Nd4 Nxa3 48. Rb3 Nc4 49. Nxb5 Nd6 50. Nd4 Rh5 51. Ra3 Kf6 52. Ra6
Ke7 53. Ra8 Nb5 54. Ra5 1-0

[Event "Mondiale Lampo FIDE 2015"]
[Site "Berlino"]
[Date "13.10.2015"]
[Round "9.18"]
[White "Guseinov, Gadir"]
[Black "Grischuk, Alexander"]
[Result "0-1"]
[WhiteElo "2634"]
[BlackElo "2774"]
[PlyCount "67"]
[EventDate "2015.10.13"]

1. e4 c5 2. Nf3 d6 3. Bb5+ Nd7 4. c3 Ngf6 5. Qe2 a6 6. Ba4 b5 7. Bc2 Bb7 8. O-O
e6 9. d4 Be7 10. Re1 O-O 11. Nbd2 Qc7 12. Nf1 cxd4 13. cxd4 Rac8 14. Bd3 e5 15.
Ng3 exd4 16. Nxd4 Rfe8 17. Bf4 Ne5 18. Ndf5 Bf8 19. Rac1 Qa5 20. Rxc8 Bxc8 21.
Bb1 d5 22. Bd2 Qd8 23. exd5 Nc4 24. Ne3 Bb7 25. b3 Nxe3 26. Bxe3 Nxd5 27. Qd3
g6 28. Bd2 Rxe1+ 29. Bxe1 Qf6 30. Bd2 Nf4 31. Bxf4 Qxf4 32. h3 Bc5 33. Qc2 Qxg3
34. Qd1 0-1

[Event "Mondiale Lampo FIDE 2015"]
[Site "Berlino"]
[Date "13.10.2015"]
[Round "10.10"]
[White "Grischuk, Alexander"]
[Black "Cheparinov, Ivan"]
[Result "1-0"]
[WhiteElo "2774"]
[BlackElo "2681"]
[PlyCount "103"]
[EventDate "2015.10.13"]

1. d4 Nf6 2. Bf4 g6 3. Nc3 d5 4. e3 Bg7 5. Nb5 Na6 6. Nf3 O-O 7. h3 c6 8. Nc3
Nc7 9. Bd3 a5 10. O-O b5 11. Re1 Ne6 12. Be5 Ba6 13. a3 Qd7 14. b4 axb4 15.
axb4 Bb7 16. Qb1 Rxa1 17. Qxa1 Ra8 18. Qb2 Qd8 19. Rd1 Qb6 20. e4 Rd8 21. exd5
Nxd5 22. Bxg7 Kxg7 23. Ne4 Nef4 24. Bf1 Bc8 25. Re1 Bf5 26. Nc5 Kg8 27. Ne5 Ra8
28. c3 Qc7 29. Ra1 Qc8 30. Ra5 Ne6 31. Qa1 Rxa5 32. bxa5 Nxc5 33. dxc5 Qc7 34.
c4 Nb4 35. cxb5 cxb5 36. Bxb5 Qxc5 37. Bc4 Be6 38. Bxe6 fxe6 39. Ng4 h5 40. Ne3
Na6 41. Qb1 Kf7 42. Qb6 Qxb6 43. axb6 Ke8 44. Nc4 g5 45. Ne5 Kd8 46. Nf7+ Kd7
47. Nxg5 e5 48. h4 Nc5 49. g4 hxg4 50. h5 Ke8 51. h6 Kf8 52. Ne6+ 1-0

[Event "Mondiale Lampo FIDE 2015"]
[Site "Berlino"]
[Date "13.10.2015"]
[Round "11.5"]
[White "Ghaem Maghami, Ehsan"]
[Black "Grischuk, Alexander"]
[Result "1/2-1/2"]
[WhiteElo "2596"]
[BlackElo "2774"]
[PlyCount "73"]
[EventDate "2015.10.13"]

1. c4 g6 2. d4 Bg7 3. Nf3 Nf6 4. Nc3 O-O 5. e4 d6 6. Be2 e5 7. O-O Nc6 8. Be3
Ng4 9. Bg5 f6 10. Bh4 g5 11. Bg3 Nh6 12. dxe5 fxe5 13. h3 g4 14. hxg4 Bxg4 15.
Ne1 Be6 16. Nc2 Kh8 17. Nd5 Qd7 18. Qd3 Ne7 19. Rad1 Ng6 20. Qd2 Rad8 21. Bh5
c6 22. Bxg6 cxd5 23. cxd5 Bg4 24. f3 hxg6 25. fxg4 Qxg4 26. Qd3 Ng8 27. Rf3 Nf6
28. Re1 Nh5 29. Bh2 Bh6 30. Qe2 Rxf3 31. Qxf3 Qxf3 32. gxf3 Rc8 33. Re2 Kg7 34.
Kf2 Bf4 35. Ke1 Bxh2 36. Rxh2 Nf4 37. Kd2 1/2-1/2

[Event "Mondiale Lampo FIDE 2015"]
[Site "Berlino"]
[Date "14.10.2015"]
[Round "13.13"]
[White "Eljanov, Pavel"]
[Black "Grischuk, Alexander"]
[Result "0-1"]
[WhiteElo "2717"]
[BlackElo "2774"]
[PlyCount "118"]
[EventDate "2015.10.13"]

1. d4 e6 2. Nf3 c5 3. e3 Nf6 4. c4 a6 5. Nc3 d5 6. dxc5 Bxc5 7. a3 O-O 8. b4
Ba7 9. Bb2 Qe7 10. cxd5 Rd8 11. Bd3 exd5 12. Ne2 Bg4 13. Ned4 Bxd4 14. Bxd4 Nc6
15. Bc5 Qe6 16. Be2 Bxf3 17. Bxf3 d4 18. O-O dxe3 19. Qe2 exf2+ 20. Rxf2 Qxe2
21. Rxe2 Rd7 22. Rc1 h6 23. Bf2 Nd5 24. Rd2 Rad8 25. Rcd1 Nf6 26. Rxd7 Rxd7 27.
Rxd7 Nxd7 28. Kf1 Kf8 29. Bd5 Ke7 30. Ke2 f6 31. Bg3 Nde5 32. Bf2 Kd6 33. Bb3
Nd7 34. h3 f5 35. Kd2 g5 36. Ke2 Ne7 37. Bd4 Nd5 38. Bc2 Ke6 39. Bb3 Ne5 40.
Bb2 b5 41. Bd4 f4 42. Bc5 h5 43. Bd4 g4 44. hxg4 hxg4 45. Bc5 Nc4 46. a4 Ke5
47. axb5 axb5 48. Kd3 Nb2+ 49. Kc2 Nc4 50. Kd3 Nb2+ 51. Kc2 Na4 52. Bf8 Ne3+
53. Kd3 Nb2+ 54. Ke2 Nbc4 55. Kf2 Ke4 56. Bc5 g3+ 57. Kg1 Kd3 58. Ba7 Kc3 59.
Ba2 Kb2 0-1

[Event "Mondiale Lampo FIDE 2015"]
[Site "Berlino"]
[Date "14.10.2015"]
[Round "14.8"]
[White "Grischuk, Alexander"]
[Black "Bocharov, Dmitry"]
[Result "1-0"]
[WhiteElo "2774"]
[BlackElo "2560"]
[PlyCount "71"]
[EventDate "2015.10.13"]

1. d4 Nf6 2. Bf4 d6 3. Nc3 Nbd7 4. Nf3 Nh5 5. Bd2 e5 6. e4 Nhf6 7. Bc4 Be7 8.
O-O O-O 9. Re1 c6 10. a4 b6 11. Bg5 a6 12. Qe2 Qc7 13. d5 c5 14. Nd2 Qd8 15.
Be3 Ne8 16. Rab1 Bg5 17. b4 Bxe3 18. Qxe3 g6 19. Bf1 f5 20. exf5 gxf5 21. f4
exf4 22. Qxf4 Qf6 23. Ne2 Ne5 24. bxc5 bxc5 25. Qg3+ Kh8 26. Nf4 Rg8 27. Qc3
Bd7 28. Rb6 Qg5 29. Rxe5 dxe5 30. Qxe5+ Qg7 31. Nf3 Rf8 32. Rb7 Nf6 33. Ne6 Qh6
34. Nxf8 Rxf8 35. Rxd7 Re8 36. Re7 1-0

[Event "Mondiale Lampo FIDE 2015"]
[Site "Berlino"]
[Date "14.10.2015"]
[Round "17.5"]
[White "Melkumyan, Hrant"]
[Black "Grischuk, Alexander"]
[Result "0-1"]
[WhiteElo "2622"]
[BlackElo "2774"]
[PlyCount "129"]
[EventDate "2015.10.13"]

1. d4 e6 2. c4 b6 3. Nf3 Bb7 4. g3 Bb4+ 5. Nc3 Bxc3+ 6. bxc3 Nf6 7. Bg2 O-O 8.
O-O d6 9. Bg5 h6 10. Bxf6 Qxf6 11. Qc2 Nc6 12. Nd2 Na5 13. Bxb7 Nxb7 14. e4 Na5
15. Qd3 c5 16. Rae1 cxd4 17. cxd4 Rac8 18. Rc1 Nc6 19. Nb3 e5 20. Rfd1 Rfd8 21.
Kg2 a5 22. d5 Nb4 23. Qd2 Qg6 24. Re1 f5 25. exf5 Qxf5 26. Re3 Rf8 27. a3 Na6
28. Qe2 a4 29. Nd2 Nc5 30. Ne4 Nxe4 31. Rxe4 Rc5 32. Rb1 Rb8 33. Rb4 Qd7 34.
Qg4 Qxg4 35. Rxg4 b5 36. h4 Kf7 37. h5 Rb6 38. Kf1 Rb7 39. Ke2 Rb6 40. Kd2 Rb7
41. Kc3 Rbc7 42. Kb2 bxc4 43. Rxa4 c3+ 44. Kc2 Rxd5 45. Rgc4 Rxc4 46. Rxc4 Rd2+
47. Kxc3 Rxf2 48. a4 Ke6 49. a5 Ra2 50. Kb4 d5 51. Rc7 e4 52. Rxg7 e3 53. Rg8
d4 54. Kc4 Ra4+ 55. Kd3 Kd5 56. Rd8+ Ke5 57. Re8+ Kf5 58. Rf8+ Kg4 59. a6 Rxa6
60. Kxd4 Re6 61. Rf1 e2 62. Re1 Kxg3 63. Kd5 Re8 64. Kd6 Kf2 65. Kd7 0-1

[Event "Mondiale Lampo FIDE 2015"]
[Site "Berlino"]
[Date "14.10.2015"]
[Round "18.3"]
[White "Grischuk, Alexander"]
[Black "Karjakin, Sergey"]
[Result "1-0"]
[WhiteElo "2774"]
[BlackElo "2762"]
[PlyCount "121"]
[EventDate "2015.10.13"]

1. d4 Nf6 2. Bf4 d5 3. e3 e6 4. Nf3 c5 5. Nbd2 Nc6 6. c3 Bd6 7. Bg3 O-O 8. Bb5
a6 9. Bd3 b6 10. e4 Be7 11. dxc5 bxc5 12. O-O Nh5 13. Ne5 Nxe5 14. Bxe5 g6 15.
Re1 Bf6 16. exd5 exd5 17. Qf3 Bb7 18. h3 Re8 19. Bxf6 Qxf6 20. Qxf6 Nxf6 21.
Bc2 Kf8 22. Nb3 Rac8 23. Rad1 Nh5 24. f3 Nf4 25. Kf2 Ne6 26. h4 Rb8 27. Nc1 Bc6
28. b3 c4 29. Ne2 Rec8 30. b4 Rd8 31. Nd4 Bd7 32. a4 Re8 33. a5 Nxd4 34. Rxd4
Rxe1 35. Kxe1 Bc6 36. Kf2 Re8 37. Rd2 Re6 38. g4 h6 39. f4 g5 40. hxg5 hxg5 41.
fxg5 Kg7 42. Bf5 Re8 43. Re2 Rd8 44. Re7 d4 45. Rc7 Bb5 46. cxd4 Rxd4 47. g6 c3
48. Rxf7+ Kh6 49. Rh7+ Kg5 50. Rc7 Kf6 51. Rxc3 Rxb4 52. Re3 Bc4 53. Re4 Rb2+
54. Ke3 Bd5 55. Re8 Rb5 56. Bd3 Rxa5 57. Rf8+ Kg7 58. Rf5 Kh6 59. Rh5+ Kg7 60.
Kd4 Ra4+ 61. Kxd5 1-0

[Event "Mondiale Lampo FIDE 2015"]
[Site "Berlino"]
[Date "14.10.2015"]
[Round "20.4"]
[White "Tomashevsky, Evgeny"]
[Black "Grischuk, Alexander"]
[Result "0-1"]
[WhiteElo "2758"]
[BlackElo "2774"]
[PlyCount "140"]
[EventDate "2015.10.13"]

1. c4 b6 2. Nc3 Bb7 3. e4 e6 4. Nf3 Bb4 5. Bd3 Ne7 6. O-O Bxc3 7. dxc3 Ng6 8.
Be3 d6 9. b4 Nd7 10. a4 O-O 11. a5 Rb8 12. Qc2 h6 13. Rfd1 Qe7 14. axb6 axb6
15. Ra7 Nde5 16. Nxe5 Nxe5 17. Be2 f5 18. exf5 exf5 19. Qd2 Kh7 20. f3 Nc6 21.
Ra2 Rbe8 22. Bf2 Ne5 23. c5 dxc5 24. bxc5 bxc5 25. Re1 Qd6 26. Qc2 c4 27. Rd1
Qg6 28. Bg3 Re7 29. Kh1 Rfe8 30. Raa1 f4 31. Qxg6+ Nxg6 32. Bxc4 fxg3 33. hxg3
Ne5 34. Bd5 Bxd5 35. Rxd5 Nc4 36. Rc5 Nd6 37. Ra7 Rc8 38. Kh2 Kg8 39. Ra6 Ne8
40. g4 Rd8 41. g5 hxg5 42. Rxg5 Rd6 43. Ra8 Kf7 44. Rc5 Ree6 45. g4 Rc6 46.
Raa5 Rxc5 47. Rxc5 Ke7 48. Kg3 Kd7 49. f4 Rc6 50. Rd5+ Nd6 51. Kh4 Rxc3 52. Rg5
Ne8 53. Kh5 Rc6 54. Ra5 Rd6 55. g5 c6 56. f5 Nc7 57. Ra1 c5 58. Rc1 Rc6 59.
Rd1+ Ke8 60. Re1+ Kf8 61. f6 gxf6 62. g6 Ne8 63. Kh6 f5 64. Kh7 Rc7+ 65. Kh8 c4
66. Rf1 c3 67. Rxf5+ Ke7 68. Rf7+ Kd8 69. Rf1 c2 70. Rc1 Ke7 0-1